000 00402nam a22001697a 4500
003 MPLRDC
005 20220104143305.0
008 210129b ||||| |||| 00| 0 eng d
082 _a520.9386 LLY-6 c.4
100 _a林连玉著
245 _a杂锦集
_c
250 _a一版二刷
260 _a
_b林连玉基金委员会
_c1987
300 _b
650 _a
942 _cBK
_o520.9386 LLY-6 c.4
999 _c38466
_d38456